| 000 | 01042nam a22002411 4500 | ||
|---|---|---|---|
| 001 | 13366 | ||
| 005 | 20251001111233.0 | ||
| 006 | |||
| 008 | 760421s1962 nyuab bd 00000 eng | ||
| 010 | _a 62009387 | ||
| 035 | _a35473 | ||
| 040 | _aBSULIB | ||
| 082 |
_a220.3 _bINT |
||
| 099 |
_fREF _a220.3 IN8 |
||
| 245 | 0 | 4 |
_aThe Interpreter's dictionary of the Bible : E-J _ban illustrated encyclopedia identifying and explaining all proper names and significant terms and subjects in the Holy Scriptures, including the Aprocrypha, with attention to archaeological discoveries and researches into the life and faith of ancient times / _c[Editorial board: George Arthur Buttrick, dictionary editor, and others] |
| 260 |
_aNew York : _bAbingdon Press _c[1962] |
||
| 300 |
_a4 volumes : _billus (part color) maps (part color) ; _c27 cm. |
||
| 504 | _aIncludes bibliographies. | ||
| 630 | 0 | 0 |
_aBible _vDictionaries. _99582 |
| 700 | 1 |
_aButtrick, George Arthur, _d1892- _eeditor. _925975 |
|
| 907 | _a.b11791615 | ||
| 942 |
_2ddc _cBK |
||
| 999 |
_c13366 _d13366 |
||